000 00607nam a2200217Ia 4500
003 IIN
005 20250521124521.0
008 250521s2023 xx d 001 0 eng d
020 _cRs.1150.00
_a9789354653407
040 _aIIN
_bEnglish
082 _a362.10425
_bMAI
100 1 _aMaiti, Prithwiraj
245 2 _aAn Ultimate Guide to Community Medicine/
_cPrithwiraj Maiti & Bismoy Mondal
250 _a4rth ed
260 _aNew Delhi
_bJaypee
_c2023
300 _axix, 627 p.
_bill.
500 _aIncludes Index
650 1 _aCommunity Health Nursing
650 1 _aMedicine. Community
942 _cBOOK
999 _c1832
_d1832